| 000 | 00687nam a2200253Ia 4500 | ||
|---|---|---|---|
| 008 | 160803s9999 xx 000 0 und d | ||
| 020 | _a9780590126908 | ||
| 100 | _aRylant, Cynthia | ||
| 245 | _aHenry and Mudge in the sparkle days : | ||
| 245 | _bthe fifth book of their adventures / | ||
| 245 | _cstory by Cynthia Rylant ; pictures by Suçie Stevenson. | ||
| 260 | _aNew York : | ||
| 260 | _bScholastic Inc. | ||
| 260 | _c1988 | ||
| 300 | _a45 pages : | ||
| 300 | _billustrations ; | ||
| 300 | _c22 cm | ||
| 500 | _a"A Trumpet Club special edition." | ||
| 650 | _aDogs -- | ||
| 650 | _aWinter -- | ||
| 650 | _xFiction. | ||
| 650 | _xFiction. | ||
| 700 | _a560 | ||
| 999 |
_c299036 _d299036 |
||